000 00669nam a2200265Ia 4500
005 20260121172249.0
008 008 260114s9999 xx 000 0 eng d
020 _a9783030544379
037 _aEBOOK
040 _aCRL
040 _beng
040 _cCRL
041 _2eng
041 _aeng
084 _qCRL
100 _aLucas Louzada Pereira, TaĆ­s Rizzo Moreira
_91086285
245 0 _aQuality Determinants In Coffee Production
260 _bSpringer
260 _bSpringer
260 _c2021
856 _uhttps://link.springer.com/openurl?genre=book&isbn=978-3-030-54437-9
942 _cEBOOK
999 _c1652022
_d1652022